|
|
|
|
| LEADER |
00000nab a2200000 a 4500 |
| 001 |
vtls000300226 |
| 003 |
SK-MaSNL |
| 005 |
20260304081717.0 |
| 008 |
250424c1987 xo 0 slo |
| 015 |
|
|
|a SNBRB19rr/mm-uuuuu
|
| 035 |
|
|
|a CL0310345
|
| 035 |
|
|
|a urn:nbn:sk:snk-ab2laz
|
| 035 |
|
|
|a (urnnbn)urn:nbn:sk:snk:ar-a02lf6
|
| 035 |
|
|
|a (uuid)98d9b624-f44c-442f-8d2f-94263e3fcf65
|
| 040 |
|
|
|a SNKBUCL
|b slo
|c SNKBUCL
|e AACR2
|
| 041 |
0 |
|
|a cze
|
| 044 |
|
|
|a xo
|c SK
|
| 080 |
|
|
|a 625.711.3(4)
|2 1981
|
| 100 |
1 |
|
|a Borovička, Lumír
|4 aut
|9 659600
|
| 245 |
1 |
0 |
|a Metoda hodnocení ekonomických socio-ekologických vlivů v projektu Transevropské dálnice sever-jih
|c Lumír Borovička
|
| 300 |
|
|
|b Tb. 5. Grafy 2. Sch. 3., lit. 3 zázn. v angl.
|
| 650 |
0 |
7 |
|a diaľnice
|2 snkbucl
|9 14603
|
| 650 |
0 |
7 |
|a Transeurópska diaľnica sever-juh
|2 snkbucl
|9 1370639
|
| 655 |
|
7 |
|a články z novín a časopisov
|2 snkbucl
|9 267496
|
| 773 |
0 |
|
|t Inženýrské stavby
|g Roč. 35, č. 7 (1987), s. 377-382
|
| 850 |
|
|
|a Slovenská národná knižnica
|
| 852 |
|
|
|a Slovenská národná knižnica
|
| 954 |
|
|
|a odborná, vedecká literatúra cudzojazyčná (svetová)
|2 lita
|
| 958 |
|
|
|a article2022
|
| 958 |
|
|
|a RK
|
| 958 |
|
|
|a CZ
|
| 958 |
|
|
|a OND
|
| 958 |
|
|
|a EUIPO
|
| 992 |
|
|
|a RBX
|
| 999 |
|
|
|c 2791925
|d 2793855
|